00423nam a22001217a 4500003000400000008004100004020001800045082001700063245008000080260003500160650008300195700002300278OSt260513b |||||||| |||| 00| 0 eng d a9789811693052 a633.17bS77S aSmall Millet Grains: superfoof in human diet/bedited by Sarita Srivastava  aSingaporeb: Springerc, 2022. aAgriculture and related technologies | Technology (Applied sciences) | Millets aSrivastava, Sarita